Multifaz (volumen 11) : (Record no. 40354)
[ view plain ]
| 000 -CABECERA | |
|---|---|
| campo de control de longitud fija | 01433nam a2200205 a 4500 |
| 005 - FECHA Y HORA DE LA ÚLTIMA TRANSACCIÓN | |
| campo de control | 20260109063946.0 |
| 008 - ELEMENTOS DE LONGITUD FIJA--INFORMACIÓN GENERAL | |
| campo de control de longitud fija | 991125s1989 mx 000 0 spa u |
| 035 ## - NÚMERO DE CONTROL DEL SISTEMA | |
| Número de control de sistema | UPN01000040354 |
| 049 ## - COLECCIÓN | |
| Colección | AV |
| 099 ## - CLASIFICACIÓN LOCAL | |
| Clasificación local | PVI Q 0648 |
| 245 00 - MENCIÓN DE TÍTULO | |
| Título | Multifaz (volumen 11) : |
| Resto del título | Multifaz 21 y 22. |
| 260 ## - PUBLICACIÓN, DISTRIBUCIÓN, ETC. | |
| Lugar de publicación, distribución, etc. | México : |
| Nombre del editor, distribuidor, etc. | CNCA : |
| -- | CONACYT, |
| Fecha de publicación, distribución, etc. | 1989. |
| 300 ## - DESCRIPCIÓN FÍSICA | |
| Extensión | 1 videocasete (VHS) (27 min. y 29 min.) : |
| Otras características físicas | son., col. |
| 505 #8 - NOTA DE CONTENIDO CON FORMATO PREESTABLECIDO | |
| Nota de contenido con formato | Contenido: |
| Información miscelánea | Multifaz 21. |
| Título | Control de la calidad alimentaria -- La luz -- Esculturas vivientes -- El derecho de nacer -- La buena tierra -- Sólo para despistados |
| Información miscelánea | Multifaz 22. |
| Título | Cómo se hace un programa de TV -- Las gasolinas dejarán de contaminar -- Construya e instale su propia antena parabólica. -- La rabia: una vieja enfermedad |
| 500 ## - NOTA GENERAL | |
| Nota general | Cada programa se divide en varias secciones de 3 a 5 minutos en promedio donde se presentan diversos temas de carácter científico-tecnológico acordes al perfil de la sección. La información puede ir desde la reseña de un libro, la presentación de algún problema social o científico, la descripción de una especie animal o vegetal, hasta los avances de tal o cual rama de la investigación en nuestro país. El proyecto está dividido en diez secciones las cuales se distribuyen de forma distinta en cada programa |
| 500 ## - NOTA GENERAL | |
| Nota general | Información tomada de la cubierta |
| 650 #4 - ASIENTO SECUNDARIO DE MATERIA - TERMINO TEMATICO | |
| Término de materia o nombre geográfico como elemento de entrada | Ciencia |
| 9 (RLIN) | 7469 |
| 650 #7 - ASIENTO SECUNDARIO DE MATERIA - TERMINO TEMATICO | |
| Término de materia o nombre geográfico como elemento de entrada | Tecnología |
| Fuente del encabezamiento o término | |
| 9 (RLIN) | 11976 |
| 905 ## - TIPO DE MATERIAL | |
| Tipo de material | Audiovisuales |
| Estado de retiro | Estado de pérdida | Fuente del sistema de clasificación o colocación | Estado dañado | No para préstamo | Código de colección | Localización permanente | Ubicación/localización actual | Ubicación en estantería | Fecha de adquisición | Enumeración/cronología de publicación seriada | Código de barras | Fecha visto por última vez | Número de copia | Tipo de ítem Koha |
|---|---|---|---|---|---|---|---|---|---|---|---|---|---|---|
| Library of Congress Classification | Disponible (Préstamo en sala) | Audiovisuales | Bib. Gregorio Torres Quintero | Bib. Gregorio Torres Quintero | Colecciones especiales Planta alta | 03/05/2023 | - | 57558 | 31/12/2020 | 1 | Libro |
